000 00608nam a22001937a 4500
005 20251108173320.0
008 250721s2005 xx 000 0 ara d
082 1 4 _a216.8/بلق
100 1 _aالبلقيني، سراج الدين عمر بن رسلان
245 1 0 _aقطر السيل في أمر الخيل /
264 1 _aدمشق :
_bدار نينوى للنشر و التوزيع،
_c2005.
300 _a256 ص
650 1 7 _aالخيول العربية
650 1 7 _aالجهاد
650 1 7 _aالإسلام
650 1 7 _aالسيرة النبوية
942 _2ddc
_cBK
999 _c101065
_d101065